Quizzes
Events
Quiz Creation
Community
Videos
Private Events
Remove Ads
Sign In
Join for FREE
Feedback
Dark Mode
Quiz Categories
Sports
Geography
Music
Movies
Television
Just For Fun
Miscellaneous
History
Literature
Language
Science
Gaming
Entertainment
Religion
Holiday
For Kids
Quiz Lab
Recent
Popular Today
Quiz Kudos Today
Editor Picks
Curator Picks
Quizzes by...
Day
Popularity
Type
Ratings
Length
Year
Community
Subscriptions
Recent Discussions
Orange Saloon
Badges
Playlists
Quests
Create
Leaderboards
Showdown
Live 5
Trivia Bingo
Activity
Puzzle Library
Sporcle Events
Private Events
Virtual Trivia
Globe League
Become a Host
Pub Owners
SporcleCon
Opinionation
Our Games
Videos
Blog
Mobile Apps
Partnerships
Remove Ads and Go Orange
Feedback
Sports
Athletes
MLB
NBA
NHL
NFL
Soccer
Sports Teams
WWE
NCAA
Football
Premier League
Basketball
Baseball
Hockey
Golf
Tennis
Cricket
Rugby
Auto Racing
Olympics
World Cup
Sports
Athletes
MLB
NBA
NHL
NFL
Soccer
Sports Teams
WWE
NCAA
Football
Premier League
Basketball
Baseball
Hockey
Golf
Tennis
Cricket
Rugby
Auto Racing
Olympics
World Cup
Random Quiz
Search Sporcle
×
Quiz Lab
Quiz Lab
Sports
Basketball
Type in answers that appear in a list
Type in answers that appear in a list
Classic
Best Score? Go Orange.
Assists By Forwards (2000's) Stats
Can you name the NBA forwards to average at least 5.0 assists per game in a season since 2000?
By
colenraw2828
4m
32 Questions
271 Plays
271 Plays
271 Plays
Comments
Comments
Give Quiz Kudos
Give Quiz Kudos
-
- Ratings
hide this ad
More Info
Replay
Link that replays current quiz
Next Quiz
Link to next quiz in quiz playlist
You Got
0%
They Got
Avg Score
64%
Avg Friend Score
Upgrade to see
Score Distribution
Jump to the score distribution portion of the page
Score
0/32
Timer
04:00
0
Plays Today
Year
Player
% Correct
2012
LeBron James
98.2%
2011
LeBron James
98.2%
2010
LeBron James
98.2%
2009
LeBron James
98.2%
2008
LeBron James
98.2%
2007
LeBron James
98.2%
2006
LeBron James
98.2%
2005
LeBron James
98.2%
2004
LeBron James
98.2%
2013
LeBron James
97.2%
2005
Kevin Garnett
76.4%
2004
Kevin Garnett
76.4%
2003
Kevin Garnett
76.4%
2002
Kevin Garnett
76.4%
2001
Kevin Garnett
76.4%
2000
Kevin Garnett
76.4%
Year
Player
% Correct
2004
Paul Pierce
66.8%
2007
Tracy McGrady
63.1%
2005
Tracy McGrady
63.1%
2003
Tracy McGrady
63.1%
2002
Tracy McGrady
63.1%
2000
Grant Hill
46.5%
2001
Antoine Walker
46.1%
2002
Antoine Walker
46.1%
2006
Lamar Odom
45%
2001
Lamar Odom
45%
2000
Scottie Pippen
30.3%
2008
Hedo Turkoglu
25.5%
2002
Jerry Stackhouse
24.7%
2001
Jerry Stackhouse
24.7%
2003
Jamal Mashburn
20.7%
2001
Jamal Mashburn
20.7%
Quiz Playlist
Details
Report
Send in Message
Add To Playlist
More Info:
Includes both Power Forwards and Small Forwards. Begins with the 99-00 season and through the 12-13 season.
Classic:
Type in answers that appear in a list
Last Updated: Feb 16, 2017
Quiz Scoreboard
CHALLENGE
Sign Up to Join the Scoreboard
Show All
Scores
Hide
Comments
May contain spoilers
Recently Published
Presidents Visiting Landmarks
by Hejman
History
7m
An Introduction to Baseball
by treessimontrees
Sports
5m
Movies - When Are They Set?
by FPL_Elf
Movies
5m
More to Explore
Quiz From the Vault
Featured Blog Post
Where Did the Easter Bunny Come From?
hide this ad
You Might Also Like...
Tags
Basketball Quiz
NBA Quiz
assist
Assist Leaders
Today's Top Quizzes in Sports
Browse Sports
hide this ad
Today's Top Quizzes in Basketball
Browse Basketball
Top Contributed Quizzes in Sports
1
Les meilleurs buteurs des matchs entre le PSG et l’OM
2
2022 World Cup Stars
3
FIFA Club World Cup Champions
4
Les entraîneurs de l'OM et du PSG au 21e siècle
5
Name the Premier League winners with different clubs
6
La finale Lions - Afrique du Sud 2021
7
5-to-1: UK Sports Teams
8
England Test cricketers to play under Nasser Hussain
9
Players with Multiple 50 Home Run Seasons
10
AFC Teams Reveal (Wrong Answers Minefield)
Explore More
Trending Topics
Anime
Disney
NBA
Harry Potter
Marvel
Kpop
Crossword
Song
Puzzle
Soccer
Country
The Office
WWE
Pokémon
NFL
hide this ad
More By:
colenraw2828
Quiz
Plays
Rating
Category
Featured
Created
Point Guards (2000's)
8,135
4.48
Sports
Feb 20, 2013
NBA Rebounds (2000's)
4,413
4.00
Sports
Feb 19, 2013
NBA Career Steals
2,807
4.62
Sports
Sep 21, 2013
Assists By Forwards (2000's)
271
3.57
Sports
Feb 20, 2013
Shooting Guard Scoring NBA
234
3.20
Sports
Feb 20, 2013
Go to Creator's Profile
Score Distribution
Quiz Creator Spotlight
colenraw2828
Follow
Send a Message
Quizzes Created
-
Created Quiz Play Count
-
More By This Creator
Popular Quizzes Today
1
Find the US States - No Outlines Minefield
2
Find the Countries of Europe - No Outlines Minefield
3
The Countries of the World
4
Find the US States
5
Popular People in 1961
6
US States
7
Risky Map Clicking: Biggest States A-Z
8
1-10 Letter E Words III
More Sports Quizzes
Detroit Red Wings: Top 10 Art Ross Finish
Curator's Pick
Trending Quizzes
Risky Map Clicking: Least Populous States A-Z
1-10 Letter G Words
1-10 Letter F Words
One Thing in Common: United Kingdom
Risky Map Clicking: Next State Alphabetically
Recently Updated
Leaping Animals
pecheneg
Reality TV Shows (A-Z)
bhenderson79
Rickey Henderson's Hall of Fame Teammates
pecheneg
Champions League XIs: Arsenal
pecheneg
Quick Pick: Celebrities in WWE's Hall of Fame
aduchscher
A-Z Keypad Blitz II
pecheneg
Multiple Oscar Actors
pecheneg
Mystery Phrase Blitz: Oscar 'Best Actors'
pecheneg
F. Scott Fitzgerald Novels
LTH
Pick 3 Villains
ddd62291
Trending Topics
NBA
Kpop
Disney
Anime
Crossword
Marvel
Harry Potter
Country
Puzzle
NFL
The Office
Pokémon
Song
Soccer
WWE
Your Account Isn't Verified!
In order to create a playlist on Sporcle, you need to verify the email address you used during registration. Go to your
Sporcle Settings
to finish the process.
Report this User
Report this user for behavior that violates our
Community Guidelines
.
Details:
Send Report
Go to the Sporcle.com Mobile Site →
Comments